| 000 | 00858nam a2200253 4500 | ||
|---|---|---|---|
| 999 |
_c5883 _d5883 |
||
| 003 | OSt | ||
| 005 | 20220630135154.0 | ||
| 008 | 220630b ||||| |||| 00| 0 eng d | ||
| 020 | _a9021995824 | ||
| 040 | _cALUPE UNIVERSITY | ||
| 050 |
_aRC632 _b.L57 1982 |
||
| 245 |
_a Lipoprotein metabolism and therapy of lipid disorders : _bInternational symposium, Florence, April 16-17, 1982 _cEdited by G. Crepaldi |
||
| 260 |
_aAmsterdam: _bExcerpta Medica, _cc1982. |
||
| 300 |
_axi, 236p. : _b ill.; charts ; _c24 cm |
||
| 504 | _aIncludes bibliographical references and index. | ||
| 650 | _a Lipoproteins -- Metabolism -- Congresses. | ||
| 650 | _aLipids -- Metabolism -- Congresses. | ||
| 650 | _aLipids -- Metabolism. | ||
| 700 | _aCrepaldi, G. | ||
| 700 | _aGreten, H. | ||
| 700 | _aSchettler, G. | ||
| 700 | _aBaggio, G. | ||
| 942 |
_2lcc _cBK _nAB |
||